|
|
|
|
| LEADER |
00586cam a2200181 7i4500 |
| 001 |
0000032449 |
| 005 |
20150522090000.0 |
| 020 |
0 |
0 |
|a 9789211206760
|
| 090 |
0 |
0 |
|a B 382.3
|b UNI
|
| 110 |
2 |
0 |
|a United Nations
|
| 245 |
1 |
0 |
|a Impact of trade facilitation measures on poverty and inclusive growth : case studies from Asia.
|
| 260 |
0 |
0 |
|a Bangkok:
|b United Nations,
|c 2012.
|
| 300 |
# |
# |
|a 316 p.
|
| 650 |
0 |
0 |
|a International trade
|
| 650 |
0 |
0 |
|a Foreign trade regulation
|
| 650 |
0 |
0 |
|a Economic development --
|z Asia
|
| 650 |
0 |
0 |
|a Poverty --
|z Asia
|
| 999 |
|
|
|a 0000035100
|b Book
|c Book
|e Business Information Centre
|